000 00781nam a2200265Ia 4500
003 OSt
005 20221006153753.0
006 a|||||r|||| 00| 0
007 ta
008 221006b |||||||| |||| 00| 0 chi d
020 _a9784924971240
024 _a33,296
037 _cAnnuals, Advances
040 _aEASL
_cEASL
_bchi
041 _2chi
_achi
082 _aWwN14, P8
100 _aTADASHI Karube Au.
_9665377
245 0 _aMaruyama Masao and the Fate of Liberalism in Twentieth-Century Japan
260 _aTokyo
_bInternational House of Japan
_c2008
300 _aix,212p.
_ccm.
490 _v Oth
700 _a NOBLE David Tr.
_9660539
942 _hWwN14, P8
_cREF
_2CC
999 _c1101382
_d1101382